Vývoj úrokových nákladov a výnosov a ich dopad na finančné hospodárenie bankového sektora
Analýza zmien v oblasti úrokových nákladov a výnosov, ktoré ovplyvňujú bankový sektor a jeho finančné hospodárenie. Úrokové náklady a výnosy bankového sektora vo vzťahu k podnikom. Úrokové náklady a výnosy bankového sektora vo vzťahu k obyvateľstvu. Čisté úrokové výnosy bankového sektora.
Salvato in:
| Autore principale: | |
|---|---|
| Altri autori: | |
| Natura: | Capitolo di libro |
| Lingua: | slovacco |
| Soggetti: | |
| Tags: |
Nessun Tag, puoi essere il primo ad aggiungerne!!
|
MARC
| LEADER | 00000naa$a2200000$$$4500 | ||
|---|---|---|---|
| 001 | 0056379 | ||
| 005 | 20231116083359.2 | ||
| 041 | 0 | |a slo | |
| 044 | |a SK | ||
| 245 | 1 | 0 | |a Vývoj úrokových nákladov a výnosov a ich dopad na finančné hospodárenie bankového sektora |c Rastislav Čársky, Katarína Trajlinková |
| 520 | |a Analýza zmien v oblasti úrokových nákladov a výnosov, ktoré ovplyvňujú bankový sektor a jeho finančné hospodárenie. Úrokové náklady a výnosy bankového sektora vo vzťahu k podnikom. Úrokové náklady a výnosy bankového sektora vo vzťahu k obyvateľstvu. Čisté úrokové výnosy bankového sektora. | ||
| 610 | 2 | 0 | |a banky |
| 610 | 2 | 0 | |a výnosy |
| 610 | 2 | 0 | |a hospodárenie finančné |
| 610 | 2 | 0 | |a náklady |
| 610 | 2 | 0 | |a bankovníctvo |
| 610 | 2 | 0 | |a úrok |
| 100 | 1 | |a Čársky, Rastislav | |
| 700 | 1 | |a Trajlinková, Katarína | |